000 00587cam a2200145 4500500
005 20251228052418.0
041 _afre
042 _adc
100 1 0 _aColleyn, Jean-Paul
_eauthor
245 0 0 _aMULLER, Jean-Claude. — Les rites initiatiques des Dîî de l’Adamaoua (Cameroun). Nanterre, Société d’ethnologie, 2002, 130 p.
260 _c2005.
500 _a41
786 0 _nCahiers d'études africaines | 177 | 1 | 2005-03-01 | p. 257l-303l | 0008-0055
856 4 1 _uhttps://shs.cairn.info/revue-cahiers-d-etudes-africaines-2005-1-page-257l?lang=fr&redirect-ssocas=7080
999 _c1583492
_d1583492